1353 1823 1992 1332 1467 1169 1422 1691 1288 1819 1698 1917 1932 1851 1525 1603 1062 1891 1309 1429 1470 1371 1091 1490 1454 1421 1662 1227 1742 1252 1928 1145 1281 1044 1258 1368 1071 1621 1802 1543 1419 1407 1302 1674 1713 1311 1781 1630 1493 1654 1148 1480 1761 1383 1211 1817 1890 1711 1859 1236 1309 1211 1003 1153 1516 1248 1829 1884 1828 1151 1192 1669 1192 1274 1764 1622 1057 1164 1675 1558 1125 1855 1534 1544 1003 1401 1665 1278 1450 1909 1061 1286 1363 1179 1769 1228 1543 1848 1821 BCNSPRNW ULIB Ver.6.0+V

เปลี่ยนเป็นภาษาไทย

Change to English
 แสดงรายละเอียดบรรณานุกรม
  กลับหน้าหลัก

Brief Record : Get Marc (ISO 2709) : E-mail record : QR code < ปิดหน้าต่าง
LEADER : 00000nam 2200000uu 4500
001    13399129022
003     ULIB
008    250515s2562||||th 000 0 tha d
020    ^a9786164972230 (ล. 1)
060    ^aWB141^bป463ค^cล.1
100 0  ^aปราณี ทู้ไพเราะ.
245 1   ^aคู่มือการตรวจวินิจฉัยโรค.^nเล่ม 1 =^bHandbook of medical diagnosis.^n[Vol. 1] /^cปราณี ทู้ไพเราะ.
246 1   ^aHandbook of medical diagnosis
250    ^aaพิมพ์ครั้งที่ 2 (ปรับปรุงครั้งที่ 1)
260    ^aกรุงเทพฯ :^bN P Press,^c2562
300    ^a9, 438 หน้า :^bภาพประกอบ.
505 0  ^aบทที่ 1 บทนำ -- บทที่ 2 การตรวจทางห้องปฏิบัติการและเกณฑ์ที่ใช้ในการแปลผล -- บทที่ 3 การตรวจเลือดและการแปลผล -- บทที่ 4 การตรวจปัสสาวะและการแปลผล -- บทที่ 5 การเพาะเชื้อและการแปลผล -- บทที่ 6 การตัดชิ้นเนื้อส่งตรวจและการแปลผล -- บทที่ 7 การตรวจพิเศษต่างๆ
505 0  ^aบทที่ 1 บทนำ -- บทที่ 2 การตรวจวินิจฉัยความผิดปกติ -- บทที่ 3 การซักประวัติการเจ็บป่วย -- บทที่ 4 การตรวจร่างกาย
505 0  ^aบทนำ -- การตรวจวินิจฉัยความผิดปกติ -- การซักประวัติการเจ็บป่วย -- การตรวจร่างกาย.
505 2  ^aล. 1 การตรวจวินิจฉัยความผิดปกติ -- การซักประวัติการเจ็บป่วย -- การตรวจร่างกาย -- ล. 2 การตรวจทางห้องปฏิบัติการและเกณฑ์ที่ใช้ในการแปลผล -- การตรวจเลือดและการแปลผล -- การตรวจปัสสาวะและการแปลผล -- การเพาะเชื้อและการแปลผล -- การตัดชิ้นเนื้อส่งตรวจและการแปลผล -- การตรวจพิเศษต่างๆ.
505 2  ^aสารบัญ : ล. 1 คู่มือการตรวจวินิจฉัยโรค เล่ม 1 -- ล. 2 คู่มือการตรวจวินิจฉัยโรค เล่ม 2
505 2  ^aสารบัญ เล่ม 1 : การตรวจวินิจฉัยความผิดปกติ -- การซักประวัติการเจ็บป่วย -- การตรวจร่างกาย.
505 2  ^aสารบัญ เล่ม 2 : การตรวจทางห้องปฏิบัติการและเกณฑ์ที่ใช้ในการแปลผล -- การตรวจเลือดและการแปลผล -- การตรวจปัสสาวะและการแปลผล -- การเพาะเชื้อและการแปลผล -- การตัดชิ้นเนื้อส่งตรวจและการแปลผล -- การตรวจพิเศษต่างๆ -- ค่าปกติของการตรวจทางห้องปฏิบัติการ.
650  4 ^aการวินิจฉัยโรค^xคู่มือ
650  4 ^aการตรวจร่างกาย^xคู่มือ
650  4 ^aการซักประวัติผู้ป่วย.
650  4 ^aการตรวจคัดโรค
650  4 ^aการตรวจร่างกาย
650  4 ^aการตรวจวินิจฉัยทางห้องปฏิบัติการ.
650  4 ^aการวินิจฉัยโรค
650  4 ^aการวินิจฉัยโรคทางห้องปฏิบัติการ.
650  4 ^aปัสสาวะ^xการวิเคราะห์
650  4 ^aเลือด^xการตรวจ
650 0  ^aการตรวจร่างกาย^xคู่มือ
650 0  ^aการวินิจฉัยโรค^xคู่มือ
653    ^aการตรวจคัดโรค
945    ^p240^l0^i011499
945    ^p240^l0^i011504
945    ^p240^l0^i011498
945    ^p240^l0^i011501
945    ^p240^l0^i011496
945    ^p240^l0^i011505
945    ^p240^l0^i011503
945    ^p240^l0^i011502
945    ^p240^l0^i011500
945    ^p240^l0^i011497
999    ^aประนอม เกษจรัล
รายการนี้ยังไม่มีแท็ก
คุณยังไม่ได้ล็อกอิน คุณสามารถมีกิจกรรมร่วมกับเว็บไซต์ได้ แต่ต้องล็อกอินก่อน ::
  ล็อกอิน

รายการสื่อสารสนเทศ

ลำดับที่ ประเภท เลขเรียก/บาร์โค้ด สถานที่ สถานะ
1. วิทยาศาสตร์การแพทย์ และสุขภาพ
หนังสือสำรอง
สถานะ=หนังสือสำรอง
WB141 ป463ค ล.1 ฉ.1 
  Barcode: 011496
ห้องสมุดวิทยาเขตสวรรค์ประชารักษ์
►หนังสือทั่วไป
บนชั้น
2. วิทยาศาสตร์การแพทย์ และสุขภาพ
วิทยาศาสตร์การแพทย์ และสุขภาพ
WB141 ป463ค ล.1 ฉ.10 
  Barcode: 011505
ห้องสมุดวิทยาเขตสวรรค์ประชารักษ์
►หนังสือทั่วไป
บนชั้น
3. วิทยาศาสตร์การแพทย์ และสุขภาพ
วิทยาศาสตร์การแพทย์ และสุขภาพ
WB141 ป463ค ล.1 ฉ.2 
  Barcode: 011497
ห้องสมุดวิทยาเขตสวรรค์ประชารักษ์
►หนังสือทั่วไป
บนชั้น
4. วิทยาศาสตร์การแพทย์ และสุขภาพ
วิทยาศาสตร์การแพทย์ และสุขภาพ
WB141 ป463ค ล.1 ฉ.3 
  Barcode: 011498
ห้องสมุดวิทยาเขตสวรรค์ประชารักษ์
►หนังสือทั่วไป
ถูกยืม กำหนดส่งวันที่ 2 กุมภาพันธ์ 2569
  จอง
5. วิทยาศาสตร์การแพทย์ และสุขภาพ
วิทยาศาสตร์การแพทย์ และสุขภาพ
WB141 ป463ค ล.1 ฉ.4 
  Barcode: 011499
ห้องสมุดวิทยาเขตสวรรค์ประชารักษ์
►หนังสือทั่วไป
บนชั้น
6. วิทยาศาสตร์การแพทย์ และสุขภาพ
วิทยาศาสตร์การแพทย์ และสุขภาพ
WB141 ป463ค ล.1 ฉ.5 
  Barcode: 011500
ห้องสมุดวิทยาเขตสวรรค์ประชารักษ์
►หนังสือทั่วไป
ถูกยืม กำหนดส่งวันที่ 9 มิถุนายน 2569
  จอง
7. วิทยาศาสตร์การแพทย์ และสุขภาพ
วิทยาศาสตร์การแพทย์ และสุขภาพ
WB141 ป463ค ล.1 ฉ.6 
  Barcode: 011501
ห้องสมุดวิทยาเขตสวรรค์ประชารักษ์
►หนังสือทั่วไป
บนชั้น
8. วิทยาศาสตร์การแพทย์ และสุขภาพ
วิทยาศาสตร์การแพทย์ และสุขภาพ
WB141 ป463ค ล.1 ฉ.7 
  Barcode: 011502
ห้องสมุดวิทยาเขตสวรรค์ประชารักษ์
►หนังสือทั่วไป
บนชั้น
9. วิทยาศาสตร์การแพทย์ และสุขภาพ
วิทยาศาสตร์การแพทย์ และสุขภาพ
WB141 ป463ค ล.1 ฉ.8 
  Barcode: 011503
ห้องสมุดวิทยาเขตสวรรค์ประชารักษ์
►หนังสือทั่วไป
บนชั้น
10. วิทยาศาสตร์การแพทย์ และสุขภาพ
วิทยาศาสตร์การแพทย์ และสุขภาพ
WB141 ป463ค ล.1 ฉ.9 
  Barcode: 011504
ห้องสมุดวิทยาเขตสวรรค์ประชารักษ์
►หนังสือทั่วไป
บนชั้น

รายการใกล้เคียง
    หัวเรื่อง [การซักประวัติผู้ป่วย.]
    หัวเรื่อง [การตรวจคัดโรค]
    หัวเรื่อง [การตรวจร่างกาย]
    หัวเรื่อง [การวินิจฉัยโรค]
    หัวเรื่อง [การวินิจฉัยโรคทางห้องปฏิบัติการ.]

BibComment


ยังไม่เคยถูกคอมเมนท์

คอมเมนท์ทรัพยากรรายการนี้
  คอมเมนท์: คู่มือการตรวจวิ..


 Copyright 2026. Bcnsprnw @Library